000 00630nam a2200241Ia 4500
003 OSt
005 20140312092656.0
008 140130s9999 xx 000 0 und d
020 _a9780439429153
050 _aPZ 8.3
_b.B4558Sto 2007
100 _aBerkner, Laurie.
245 _cLaurie Berkner.
_aThe story of my feelings /
260 _bScholastic,
_cc2007.
_aUSA :
300 _a30 p. :
_bcol. ill. ;
_c30 cm.
440 _v1
521 _aG2
526 _c370
650 _aSongs
_xUnited States
_xTexts.
650 _aEmotions
_xSongs and music.
650 _aEmotions
_xSongs.
942 _cBK
_2lcc
999 _c42016
_d42016